Bürgerliches gesetzbuch

Bewaard in:
Bibliografische gegevens
Formaat: Boek
Taal:Duits
Gepubliceerd in: Múnich Deutscher Taschenbuch Verlag 2000
Reeks:Beck Texte im dtv, 990
Onderwerpen:
Tags: Voeg label toe
Geen labels, Wees de eerste die dit record labelt!

MARC

LEADER 00000nam a2200000 a 4500
001 UCO8882
003 CL-VaPUC
008 010105e20000000GW |||||||||||||||||ger|d
082 0 4 |a 346.43  |b BUR  |2 21 
245 1 0 |a Bürgerliches gesetzbuch 
300 |a 640 p 
942 |c BK 
945 |d 20010105 00:00:00  |a vberengu 
260 |a Múnich  |b Deutscher Taschenbuch Verlag  |c 2000 
650 7 |a CODIGO CIVIL ALEMAN  |2 CL-VaPUC  |9 430877 
583 |a last modification  |c 20010105 00:00:00  |k Rodrigo Vera 
490 0 |a Beck Texte im dtv, 990 
999 |c 293305  |d 293303 
952 |0 0  |1 0  |4 0  |6 346_430000000000000_BUR_2000  |7 0  |8 A  |9 344764  |a BIBDER  |b BIBDER  |d 2019-11-20  |i 3670058  |l 1  |o 346.43 BUR 2000  |p 3670058  |r 2023-06-02  |s 2023-05-31  |w 2019-11-20  |y BK  |k DER